LIBRARY ONLINE CATALOGUE

Marine insurance / (Record no. 9547)

MARC details
000 -LEADER
fixed length control field 00796nam a22002412 4500
001 - CONTROL NUMBER
control field 0000020922
005 - DATE AND TIME OF LATEST TRANSACTION
control field 20151217152224.0
008 - FIXED-LENGTH DATA ELEMENTS--GENERAL INFORMATION
fixed length control field 111115s xx 000 0 eng d
020 ## - INTERNATIONAL STANDARD BOOK NUMBER
International Standard Book Number 1856091503 (v. 1) :
020 ## - INTERNATIONAL STANDARD BOOK NUMBER
International Standard Book Number 1856091325 (v. 2)
040 ## - CATALOGING SOURCE
Original cataloging agency KABU
Transcribing agency KABU
100 1# - MAIN ENTRY--PERSONAL NAME
Personal name Brown, Robert H.
-- 0000181606
245 10 - TITLE STATEMENT
Title Marine insurance /
Statement of responsibility, etc. Robert H. Brown.
250 ## - EDITION STATEMENT
Edition statement 6th ed.
260 ## - PUBLICATION, DISTRIBUTION, ETC. (IMPRINT)
Place of publication, distribution, etc. London :
Name of publisher, distributor, etc. Witherby,
Date of publication, distribution, etc. 1998.
300 ## - PHYSICAL DESCRIPTION
Extent 2 v.
505 0# - FORMATTED CONTENTS NOTE
Formatted contents note V. 1 - Principles and basic practice v. 2 - Cargo practice.
650 #0 - SUBJECT ADDED ENTRY--TOPICAL TERM
Topical term or geographic name as entry element Marine insurance
Geographic subdivision Great Britain.
-- 0000179025
852 1# - LOCATION
-- p12,400 KES (2 v. set)
852 1# - LOCATION
-- p12,400 KES (2 v. set)
908 ## - PUT COMMAND PARAMETER (RLIN)
Put command parameter 111115
950 ## - LOCAL HOLDINGS (RLIN)
-- 1
Holdings
Withdrawn status Lost status Source of classification or shelving scheme Not for loan Home library Current library Date acquired Total Checkouts Full call number Barcode Date last seen Date last checked out Price effective from Koha item type
    Library of Congress Classification   Kabarak, Main Campus Kabarak, Main Campus 17/12/2015 2 HE965 .B76 1998 v. 1 c. 1 19902 28/03/2025 12/02/2025 17/12/2015 General Collection
    Library of Congress Classification   Kabarak, Main Campus Kabarak, Main Campus 17/12/2015   HE965 .B76 1998 v. 2 c. 1 19858 02/08/2024   17/12/2015 General Collection